000 00742nam a22001937a 4500
999 _c57554
_d57554
005 20221107164213.0
008 200728b xxu||||| |||| 00| 0 geo d
020 _a9789036822473 X
041 _aeng
080 _a61 T-37
100 _ater Wee, Marieke M.
_99069
245 _aA Quick Guide on How to Conduct Medical Research:
_brom Set-Up to Publication
_cMarieke M. ter Wee (Author), Birgit I. Lissenberg-Witte (Author)
264 _aHouten:
_bBohn Stafleu van Loghum,
_c2019.
300 _a290 p.
_b25 cm.
653 _aსამედიცინო კვლევების ჩატარება
653 _aმედიცინა
700 _aLissenberg-Witte, Birgit I.
_eავტორი
_99070
942 _2udc
_cBK